000 00685nam a22001337a 4500
040 _cRUA
082 _aAGR SAN 2019 B1.598 Or.
100 _aSANN SEANGLY. សាន់ សៀងលី
245 _aCOMPARISON OF EGGPLANT IN CONDITION OF KBAL KOH VEGETABLE RESEARCH STATION.​ប្រៀបធៀបចន្លោះគុម្ពដំណាំត្រប់វែងក្នុងលក្ខខណ្ឌស្ថានីយពិសោធន៍ពូជបន្លែក្បាលកោះ
260 _aPhnom Penh
_bRUA
_c2019
300 _aX.44P
_bVII.
_c29CM
856 _uhttps://drive.google.com/file/d/1M2D5u2dQqctNwmu6xtvtUIfyJ9ka9atF/view?usp=sharing
942 _cAGR
999 _c21820
_d21820